ბათუმის შოთა რუსთაველის სახელმწიფო უნივერსიტეტის ბიბლიოთეკა

ორგანული ქიმია : (ბიბ.ჩანაწერი № 37547)

000 -ლიდერი
ფიქსირებული სიგრძის საკონტროლო ველი 00960nam a2200229Ia 4500
001 - საკონტროლო ნომერი
საკონტროლო ველი 3513
003 - საკონტროლო ნომრის იდენტიფიკატორი
საკონტროლო ველი GE_BSU
005 - ბოლო ოპერაციის თარიღი და დრო
საკონტროლო ველი 20190620160005.0
008 - ფიქსირებული სიგრძის მონაცემთა ელემენტები - ზოგადი ინფორმაცია
ფიქსირებული სიგრძის საკონტროლო ველი 181216s1987||||ge |||||||||||||| ||geo||
040 ## - კატალოგიზაციის წყარო
Transcribing agency GE_BSU
041 ## - ენის კოდი
Language code of text/sound track or separate title geo
080 ## - უნივერსალური ათობითი კლასიფიკაციის ინდექსი
Universal Decimal Classification number 547(075.8) გ–13
100 ## - მთავარი ჩანაწერი - პიროვნების სახელი
Personal name გაბრიაძე, დ.
9 (RLIN) 1876
245 ## - ცნობა სათაურის შესახებ
Title ორგანული ქიმია :
Remainder of title ნ. 2 : კარბოციკლური და ჰეტეროციკლური ნაერთები /
Statement of responsibility, etc რედ. შ. მიქაძე.
264 ## - წარმოების, გამოცემის, დისტრიბუციის და სხვა ცნობები
გამოცემის, წარმოების, დისტრიბუციის... ადგილი თბილისი :
გამოცემის, წარმოების, დისტრიბუციის... სახელწოდება განათლება,
გამოცემის, წარმოების, დისტრიბუციის... თარიღი 1987.
300 ## - ფიზიკური აღწერა
Extent 446 გვ.
Other physical details 22 სმ.
653 ## - INDEX TERM--UNCONTROLLED
Uncontrolled term ორგანული ქიმია.
653 ## - INDEX TERM--UNCONTROLLED
Uncontrolled term კარბოციკლური ნაერთები
653 ## - INDEX TERM--UNCONTROLLED
Uncontrolled term ჰეტეროციკლური ნაერთები
700 ## - ADDED ENTRY--PERSONAL NAME
Personal name მიქაძე, შ.
Relator term რედაქტორი
9 (RLIN) 1877
942 ## - ADDED ENTRY ELEMENTS (KOHA)
Koha item type წიგნი
Source of classification or shelving scheme
ეგზემპლარები
ჩამოწერის სტატუსი დაკარგული ეგზემპლარის სტატუსი კლასიფიკაციის წყარო ან თაროზე გაწყობის სქემა დაზიანების სტატუსი არ გაიცემა მუდმივი მდებარეობა (დაცვის ადგილი) ამჟამინდელი ადგილსამყოფელი თაროზე განთავსების ადგილი შეძენის თარიღი სრული შენახვის შიფრი შტრიხკოდი ბოლო ოპერაციის თარიღი ეგზემპლარის მიმდევრობითი ნომერი (კეტერი?) ფასის ძალაში შესვლის თარიღი ეგზემპლარის სახეობა საჯარო შენიშვნა
          ბათუმის შოთა რუსთაველის სახელმწიფო უნივერსიტეტის მთავარი ბიბლიოთეკა ბათუმის შოთა რუსთაველის სახელმწიფო უნივერსიტეტის მთავარი ბიბლიოთეკა წიგნსაცავი 2018-12-17 547(075.8) გ–13 5046 2018-12-17 5046 2018-12-17 წიგნი